Otázky a odpovede z matematiky ZDŠ

Bibliographic Details
Main Authors: Matuška, Viliam (Author), Trefný, Zdeněk (Author)
Format: Book
Language:Slovak
PhysicalDescription:186, [11] s. 8°
Published: Bratislava Slovenské pedagogické nakladateľstvo 1968
Edition:2. vyd.
Series:Knižnica všeobecného vzdelania
Subjects:

MARC

LEADER 00000nam a2200000 a 4500
001 vtls008320403
003 SK-MaSNL
005 20260301094453.0
008 190102s1968 xo j 000 0 slo
015 |a SKSNBA1968/12-02286 
035 |a SK01SNK19680012620 
035 |a SKM000015083 
040 |a SNK  |b slo  |c SNK  |e AACR2 
041 1 |a slo 
044 |a xo  |c SK 
080 |a 511/513(075)  |2 1981 
100 1 |a Matuška, Viliam  |4 aut  |9 353903 
245 1 0 |a Otázky a odpovede z matematiky ZDŠ  |c (autori:) Viliam Matuška, Zdeněk Trefný 
250 |a 2. vyd. 
260 |a Bratislava  |b Slovenské pedagogické nakladateľstvo  |c 1968  |e Prešov  |f Východoslovenské tlačiarne 
300 |a 186, [11] s.  |c 8° 
490 1 |a Knižnica všeobecného vzdelania 
500 |a Ilustr. Tb. Grafy. 
563 |a 40150 výtl. 
650 0 7 |a matematika  |x otázky a odpovede  |2 SNK  |9 428310 
655 7 |a učebnice  |2 SNKPH  |9 22521 
700 1 |a Trefný, Zdeněk  |4 aut  |9 285949 
830 0 |a Knižnica všeobecného vzdelania  |9 281861 
852 |a Slovenská národná knižnica v Martine  |b 10000  |h SD 34369 
852 |a Slovenská národná knižnica v Martine  |b 10000  |h SD 34369 D1 
958 |a TL 
958 |a UX 
958 |a RK 
999 |c 680366  |d 682296 
952 |a SNK  |b SNK  |y VYP  |7 0  |p 17A1345851  |o snkSD 34369 D1  |i snkKSP 1065/69  |0 0  |1 0  |4 0  |d 2023-06-27  |l 0  |r 2026-02-23 19:55:00  |w 2026-02-23 
952 |a SNK  |b SNK  |y PREZ  |7 0  |p 17A0304201  |o snkSD 34369  |i snkKSP 1064/69  |0 0  |1 0  |4 0  |d 2001-06-27  |l 0  |r 2005-01-02 00:00:00  |w 2026-02-23